R v Competition Commission and others ex p Milk Marque Ltd and another (Dairy Industry Federation, Third Party) (Record no. 117122)

MARC details
000 -LEADER
fixed length control field 02819cam a2200397 4500
001 - CONTROL NUMBER
control field ABS67675
008 - FIXED-LENGTH DATA ELEMENTS--GENERAL INFORMATION
fixed length control field 040323n2004 000 0 eng u
035 ## - SYSTEM CONTROL NUMBER
System control number (Sirsi) u125523
245 ## - TITLE STATEMENT
Title R v Competition Commission and others ex p Milk Marque Ltd and another (Dairy Industry Federation, Third Party)
260 ## - PUBLICATION, DISTRIBUTION, ETC.
Date of publication, distribution, etc. 2004
490 ## - SERIES STATEMENT
Series statement Weekly Law Reports
Volume/sequential designation [2004] 2 WLR 374-418(115)
520 ## - SUMMARY, ETC.
Summary, etc. C-137/00, 9 September 2003. Examined the issue of the domination of co-operatives in the dairy market and whether this contravened EU law on monopolies. The first respondent, Competition Commission (C), reported that the first applicant, Milk Marque (M), had a powerful position in the milk market and had exploited it and artificially inflated prices. C also recommended that M be prevented from expanding into other EU states. However, M and the second applicant, the National Farmers' Union contended that these measures were rendered unlawful by the existence of powerful co-operatives in other EU states. "Held": that the maintenance of effective competition on the market for agricultural products was one of the objectives of the Common Agricultural Policy, EC Treaty Arts 32-38, Regulation (EEC) 804/68 and Regulation (EEC) 26/62. That member states retained jurisdiction to apply their national competition law to a milk producer's co-operative occupying a powerful position on the national market in order to achieve a price that served both producers and consumers. That the measures were not unlawful and that the HC would need to carry out an investigation into the situation in the UK dairy market and the effect of the measures. View the judgment at www.curia.eu.int.
590 ## - LOCAL NOTE (RLIN)
Local note ABS
590 ## - LOCAL NOTE (RLIN)
Local note ABS
650 ## - SUBJECT ADDED ENTRY--TOPICAL TERM
Topical term or geographic name entry element R V COMPETITION COMMISSION AND OTHERS EX P MILK MARQUE LTD AND ANOTHER
650 ## - SUBJECT ADDED ENTRY--TOPICAL TERM
Topical term or geographic name entry element MILK MARKET
650 ## - SUBJECT ADDED ENTRY--TOPICAL TERM
Topical term or geographic name entry element MILK PRICES
650 ## - SUBJECT ADDED ENTRY--TOPICAL TERM
Topical term or geographic name entry element MILK PRODUCERS
650 ## - SUBJECT ADDED ENTRY--TOPICAL TERM
Topical term or geographic name entry element COMPETITION ACT 1998
650 ## - SUBJECT ADDED ENTRY--TOPICAL TERM
Topical term or geographic name entry element COMPETITION LAW
650 ## - SUBJECT ADDED ENTRY--TOPICAL TERM
Topical term or geographic name entry element FAIR TRADING ACT 1973
650 ## - SUBJECT ADDED ENTRY--TOPICAL TERM
Topical term or geographic name entry element EUROPEAN COMPETITION LAWS
650 ## - SUBJECT ADDED ENTRY--TOPICAL TERM
Topical term or geographic name entry element REGULATION (EEC) 804/68
650 ## - SUBJECT ADDED ENTRY--TOPICAL TERM
Topical term or geographic name entry element REGULATION (EEC) 22/62
650 ## - SUBJECT ADDED ENTRY--TOPICAL TERM
Topical term or geographic name entry element EC TREATY ART 32
650 ## - SUBJECT ADDED ENTRY--TOPICAL TERM
Topical term or geographic name entry element EC TREATY ART 33
650 ## - SUBJECT ADDED ENTRY--TOPICAL TERM
Topical term or geographic name entry element EC TREATY ART 34
650 ## - SUBJECT ADDED ENTRY--TOPICAL TERM
Topical term or geographic name entry element EC TREATY ART 35
650 ## - SUBJECT ADDED ENTRY--TOPICAL TERM
Topical term or geographic name entry element EC TREATY ART 36
650 ## - SUBJECT ADDED ENTRY--TOPICAL TERM
Topical term or geographic name entry element EC TREATY ART 37
650 ## - SUBJECT ADDED ENTRY--TOPICAL TERM
Topical term or geographic name entry element EC TREATY ART 38
690 ## - LOCAL SUBJECT ADDED ENTRY--TOPICAL TERM (OCLC, RLIN)
Topical term or geographic name as entry element RURAL-CASE LAW
856 ## - ELECTRONIC LOCATION AND ACCESS
Uniform Resource Identifier <a href="https://www.curia.eu.int/jurisp/cgi-bin/gettext.pl?lang=en&num=79969090C19000137&doc=T&ouvert=T&seance=ARRET&where=()">https://www.curia.eu.int/jurisp/cgi-bin/gettext.pl?lang=en&num=79969090C19000137&doc=T&ouvert=T&seance=ARRET&where=()</a>
Public note View decision on the Court of Justice of the European Communities website...
856 ## - ELECTRONIC LOCATION AND ACCESS
Uniform Resource Identifier <a href="https://www.curia.eu.int/jurisp/cgi-bin/gettext.pl?lang=en&num=79969090C19000137&doc=T&ouvert=T&seance=ARRET&where=()">https://www.curia.eu.int/jurisp/cgi-bin/gettext.pl?lang=en&num=79969090C19000137&doc=T&ouvert=T&seance=ARRET&where=()</a>
Public note View decision on the Court of Justice of the European Communities website...
942 ## - ADDED ENTRY ELEMENTS (KOHA)
Suppress in OPAC 0
Holdings
Withdrawn status Lost status Source of classification or shelving scheme Damaged status Not for loan Home library Current library Shelving location Date acquired Total Checkouts Full call number Barcode Date last seen Copy number Price effective from Koha item type
    Dewey Decimal Classification     London London Journal article 23/03/2004   ABS67675 125523-1001 06/08/2019 1 06/08/2019 Journal article